Historical-Critical Dictionary of Marxism : A Selection, Volume 2 /

The Historical-Critical Dictionary of Marxism (HCDM) is a comprehensive Marxist lexicon, which in the 9 German-language volumes concluded so far has involved over 800 scholars from around the globe. Conceived by philosopher Wolfgang Fritz Haug in 1983, the first volume of the ongoing lexicon project...

Full description

Saved in:

Other Authors: Baehrens, Konstantin (Editor), Haug, Frigga (Editor), Haug, Wolfgang Fritz (Editor), Jehle, Peter (Editor), Koivisto, Juha (Editor), Küttler, Wolfgang (Editor), Strazzeri, Victor (Editor), Walkenhorst, Oliver (Editor)

Format: eBook

Language: English

Published: Leiden ; Boston : Brill, 2026.

Series: Historical Materialism Book Series ; 375.
Social Sciences E-Books Online, Collection 2026

Subjects:

Online Access: Login to view Source

Tags: Add Tag

No Tags, Be the first to tag this record!

Call Number: NA105

LEADER 03642nam a22005778i 4500
001 BRILL9789004754966
003 nllekb
005 20260324115024.0
006 m d
007 cr un uuuua
008 251119s2026 gw sb 001 0 eng d
020 |a 9789004754966  |q (electronic book) 
020 |z 9789004754959  |q (print) 
024 7 |a 10.1163/9789004754966  |2 DOI 
040 |a NL-LeKB  |c NL-LeKB  |e rda 
041 |a eng 
050 4 |a NA105 
072 7 |a JPFC  |2 bicssc 
072 7 |a POL  |x 005000  |2 bisacsh 
082 0 4 |a 900 
245 0 0 |a Historical-Critical Dictionary of Marxism :  |b A Selection, Volume 2 /  |c edited by Wolfgang Fritz Haug, Frigga Haug, Peter Jehle, Wolfgang Küttler, Oliver Walkenhorst, Konstantin Baehrens, Juha Koivisto. 
246 3 |a A Selection, Volume 2 
264 1 |a Leiden ;  |a Boston :  |b Brill,  |c 2026. 
264 4 |c ©2026 
300 |a 1 online resource (560 pages) :  |b illustrations. 
336 |a text  |b txt  |2 rdacontent 
337 |a computer  |b c  |2 rdamedia 
338 |a online resource  |2 rdacarrier 
490 1 |a Historical Materialism Book Series ;  |v 375 
490 1 |a Social Sciences E-Books Online, Collection 2026 
504 |a Includes bibliographical references and index. 
520 |a The Historical-Critical Dictionary of Marxism (HCDM) is a comprehensive Marxist lexicon, which in the 9 German-language volumes concluded so far has involved over 800 scholars from around the globe. Conceived by philosopher Wolfgang Fritz Haug in 1983, the first volume of the ongoing lexicon project was published in 1994. This second volume of selected articles in English translation offers readers a further sample of the HCDM's wide scope of terms: besides Marxist concepts, approached from a plural standpoint and stressing feminist, ecological, and internationalist perspectives, it boasts entries on the histories of social movements, theoretical schools, as well as cultural, political, philosophical, and aesthetic debates. Contributors are: Wolfram Adolphi, Jan Otto Andersson, Helmut Arnold, Konstantin Baehrens, Colin Barker, Theodor Bergmann, Stefan Bollinger, Ulrich Brand, Mario Candeias, Paresh Chattopadhyay, Dagmar Engelken, Sibylle Fischer, Georg Fülberth, Montserrat Galcerán, Stephen Gill, Werner Goldschmidt, Christoph Görg, Volker Gransow, Gerhard Hanappi, Donna Haraway, Wolfgang Fritz Haug, Frigga Haug, Ursula Huws, Peter Jehle, Susan Kippax, Hans Gustav Klaus, Juha Koivisto, Michael Krätke, Wolfgang Küttler, Mikko Lahtinen, Sven-Eric Liedman, Andrea Maihofer, Thomas Marxhausen, Claudia Opitz, Helmut Peitsch, Victor Rego Diaz, Antje Schmitt, Victor Strazzeri, Benno Teschke, Oliver Walkenhorst, Bastiaan Wielenga, Gunter Willing. 
546 |a English 
588 |a Description based on print version record. 
650 0 |a History. 
650 0 |a Intellectual History. 
650 0 |a Philosophy. 
650 0 |a Social & Political Philosophy. 
700 1 |a Baehrens, Konstantin,  |e editor. 
700 1 |a Haug, Frigga,  |e editor. 
700 1 |a Haug, Wolfgang Fritz,  |e editor. 
700 1 |a Jehle, Peter,  |e editor. 
700 1 |a Koivisto, Juha,  |e editor. 
700 1 |a Küttler, Wolfgang,  |e editor. 
700 1 |a Strazzeri, Victor,  |e editor. 
700 1 |a Walkenhorst, Oliver,  |e editor. 
776 0 8 |i Print version:  |t Historical-Critical Dictionary of Marxism : A Selection, Volume 2.  |d Leiden ; Boston : Brill, 2026.  |z 9789004754959  |w (OCoLC)1543497511 
830 0 |a Historical Materialism Book Series ;  |v 375. 
830 0 |a Social Sciences E-Books Online, Collection 2026 
856 4 |z DOI:   |u http://dx.doi.org/10.1163/9789004754966 
999 |c 61957  |d 61957